000 00445 a2200169 4500
005 20251217114555.0
008 251217b |||||||| |||| 00| 0 eng d
020 _a9788123919812
_cRs. 250.00
040 _aMAIN
082 _a310
_bA15S
100 _aAgarwal, B L
245 _aStatistics for professional courses
260 _bCBS Publishers and Distributors
_aNew Delhi
_c2011
300 _axv, 294
650 _aStatistics
942 _cBK
999 _c393618
_d393618